Hindustani music and aesthetics today a selective study / (Record no. 38684)

MARC details
000 -LEADER
fixed length control field 00764nam a22002057a 4500
005 - DATE AND TIME OF LATEST TRANSACTION
control field 20100802143116.0
010 ## - LCCN (DPL NO)
LC control number ENG-97670
020 ## - INTERNATIONAL STANDARD BOOK NUMBER
International Standard Book Number 817871079X
Terms of availability 995.00
020 ## - INTERNATIONAL STANDARD BOOK NUMBER
International Standard Book Number 817871129
Terms of availability 995.00
035 ## - SYSTEM CONTROL NUMBER
System control number EN-81203
037 ## - SOURCE OF ACQUISITION
Source of stock number/acquisition DBAD/PUB
082 ## - DEWEY DECIMAL CLASSIFICATION NUMBER
Classification number 781.691170954
100 ## - MAIN ENTRY--PERSONAL NAME
Personal name Saxena, Sushil Kumar
245 ## - TITLE STATEMENT
Title Hindustani music and aesthetics today a selective study /
Statement of responsibility, etc by Sushil Kumar Saxena
260 ## - PUBLICATION, DISTRIBUTION, ETC. (IMPRINT)
Place of publication, distribution, etc Gurgaon
Name of publisher, distributor, etc Hope India Publications
Date of publication, distribution, etc 2009
270 ## - ADDRESS
Address 85, Sector 23
City Gurgaon
Postal code 122017
300 ## - PHYSICAL DESCRIPTION
Extent 471p.
Dimensions 22cm (Hb)
942 ## - ADDED ENTRY ELEMENTS (KOHA)
Source of classification or shelving scheme Dewey Decimal Classification
Item type English Books
Classification part 781.691170954
Call number suffix SAX
Holdings
Withdrawn status Lost status Not for loan Collection code Home library Current library Date acquired Source of acquisition Cost, normal purchase price Full call number Barcode Copy number Cost, replacement price Koha item type
    Not For Loan Non-fiction D.B.Act.Division D.B.Act.Division 02/08/2010 DBAD/PUB 995.00 781.691170954 SAX EN-81203 1 995.00 English Books

© Delhi Public Library
Hit Counter
free hit counter